00714nam a2200193Ia 4500003000900000008004100009020001800050040001600068080001900084100002800103245013700131260004000268300001500308650003000323650001900353942000700372999001700379952012400396IN-BaIIA211028s9999 xx 000 0 eng d a0-201-40780-9 cIIA Library a52:539.12bKAN aKane, Gordon 922477 4aThe particle gardenbour universe as understood by particle physicistscGordon Kane  aMassachusettsbAddison-Wesleyc1995 axvi, 224p. aParticle physicist922478 aUniverse91987 cBK c12819d12819 00104070aBANbBANcGENd1998-12-22g350.00l0o52:539.12/ KANp13736r2021-11-05v350.00w1998-12-22yBKGRs. 350.00